000 00576nam a2200229Ia 4500
003 OSt
005 20220924142344.0
006 a|||||r|||| 00| 0
007 ta
008 220923b |||||||| |||| 00| 0 ben d
024 _a301615
037 _cTextual
040 _aARTS
_cARTS
_bben
041 _2ben
_aben
082 _aY1:1:5.262, 157K6
100 _aLahuri Chandi
_9213278
245 0 _aBedeshider chokhe bangla
260 _c1966
650 _aSOCIOLOGY
942 _hY1:1:5.262, 157K6
_cTEXL
_2CC
999 _c450429
_d450429